| 000 -LEADER |
| fixed length control field |
01290 a2200289 4500 |
| 003 - CONTROL NUMBER IDENTIFIER |
| control field |
Nust |
| 005 - DATE AND TIME OF LATEST TRANSACTION |
| control field |
20221130100745.0 |
| 010 ## - LIBRARY OF CONGRESS CONTROL NUMBER |
| LC control number |
00053005 |
| 020 ## - INTERNATIONAL STANDARD BOOK NUMBER |
| International Standard Book Number |
0521773067 |
| 020 ## - INTERNATIONAL STANDARD BOOK NUMBER |
| International Standard Book Number |
0521774802 (pbk.) |
| 040 ## - CATALOGING SOURCE |
| Transcribing agency |
Nust |
| 082 00 - DEWEY DECIMAL CLASSIFICATION NUMBER |
| Classification number |
530.076,GNA |
| 100 1# - MAIN ENTRY--PERSONAL NAME |
| Personal name |
Gn衤ig, P⥴er. |
| 9 (RLIN) |
103812 |
| 245 10 - TITLE STATEMENT |
| Title |
200 puzzling physics problems / |
| Statement of responsibility, etc. |
P. Gnadig, G. Honyek, K.F. Riley. |
| 246 3# - VARYING FORM OF TITLE |
| Title proper/short title |
Two hundred puzzling physics problems |
| 260 ## - PUBLICATION, DISTRIBUTION, ETC. |
| Place of publication, distribution, etc. |
Cambridge, UK ; |
| -- |
New York : |
| Name of publisher, distributor, etc. |
Cambridge University Press, |
| Date of publication, distribution, etc. |
2001. |
| 300 ## - PHYSICAL DESCRIPTION |
| Extent |
xiv, 257 p. : |
| Other physical details |
ill. ; |
| Dimensions |
26 cm. |
| 505 ## - FORMATTED CONTENTS NOTE |
| Formatted contents note |
1. Preface (Page-vii), 2. How to use this book (Page-x), 3. Thematic order of the problems (Page-xi), Physical constants (Page-xiii), 4. Problems (Page-1), Hints (Page-50), 6. Solutions (Page-69). |
| 650 #0 - SUBJECT ADDED ENTRY--TOPICAL TERM |
| Topical term or geographic name entry element |
Physics |
| 700 1# - ADDED ENTRY--PERSONAL NAME |
| Personal name |
Honyek, G. |
| Dates associated with a name |
1951- |
| 9 (RLIN) |
103813 |
| 700 1# - ADDED ENTRY--PERSONAL NAME |
| Personal name |
Riley, K. F. |
| Dates associated with a name |
1936- |
| 9 (RLIN) |
103814 |
| 856 41 - ELECTRONIC LOCATION AND ACCESS |
| Materials specified |
Contributor biographical information |
| Uniform Resource Identifier |
<a href="http://www.loc.gov/catdir/enhancements/fy0731/00053005-b.html">http://www.loc.gov/catdir/enhancements/fy0731/00053005-b.html</a> |
| 856 41 - ELECTRONIC LOCATION AND ACCESS |
| Materials specified |
Publisher description |
| Uniform Resource Identifier |
<a href="http://www.loc.gov/catdir/description/cam021/00053005.html">http://www.loc.gov/catdir/description/cam021/00053005.html</a> |
| 856 41 - ELECTRONIC LOCATION AND ACCESS |
| Materials specified |
Sample text |
| Uniform Resource Identifier |
<a href="http://www.loc.gov/catdir/samples/cam034/00053005.html">http://www.loc.gov/catdir/samples/cam034/00053005.html</a> |
| 856 41 - ELECTRONIC LOCATION AND ACCESS |
| Materials specified |
Table of contents |
| Uniform Resource Identifier |
<a href="http://www.loc.gov/catdir/toc/cam021/00053005.html">http://www.loc.gov/catdir/toc/cam021/00053005.html</a> |
| 942 ## - ADDED ENTRY ELEMENTS (KOHA) |
| Source of classification or shelving scheme |
|
| Koha item type |
Book |
| Call number prefix |
530.076,GNA |